8 Ländernamen in 8 afrikanischen Sprachen - Statistiken

Allgemein
  • Dieses Quiz wurde 22 mal gespielt
  • Das Durchschnittsergebnis liegt bei 25 aus 64
Antwortstatistiken
Sprache Word % Korrekt
Afrikaans Lesotho
91%
Suaheli Lesotho
91%
Sesotho Lesotho
91%
Kongo Lesotho
91%
Yoruba Lèsóthò
91%
Akan Lesotho
91%
Suaheli Nigeria
91%
Sesotho Nigeria
91%
Afrikaans Uganda
91%
Suaheli Uganda
91%
Sesotho Uganda
91%
Kongo Uganda
91%
Yoruba Ùgándà
91%
Akan Uganda
91%
Afrikaans Angola
86%
Suaheli Angola
86%
Sesotho Angola
86%
Yoruba Àngólà
86%
Kinyarwanda Angola
86%
Akan Angola
86%
Afrikaans Marokko
82%
Afrikaans Mauritius
82%
Sesotho Mauritius
82%
Kongo Mauritius
82%
Akan Mauritius
82%
Kongo Kap Verde
77%
Sesotho Cape Verde
36%
Akan Cape Verde
36%
Sesotho Morocco
32%
Akan Morocco
32%
Suaheli Cabo Verde
18%
Kongo Maroko
18%
Afrikaans Egipte
9%
Kinyarwanda Lesoto
9%
Oromo Ijiipti
5%
Yoruba Ìjíptì
5%
Afrikaans Kaap Verde
5%
Kongo Misiri
5%
Kinyarwanda Misiri
5%
Suaheli Misri
5%
Kinyarwanda Morise
5%
Suaheli Morisi
5%
Suaheli Moroko
5%
Yoruba Mòrókò
5%
Kongo Ngola
5%
Afrikaans Nigerië
5%
Akan Alata man
0%
Oromo Angoolaa
0%
Sesotho Egepeta
0%
Akan Igyipt
0%
Kinyarwanda Kapu Veri
0%
Oromo Keeppi Verdee
0%
Yoruba Kepu Ferde
0%
Oromo Leesoottoo
0%
Kinyarwanda Maroke
0%
Oromo Mooriishes
0%
Yoruba Mọ́rísì
0%
Oromo Morookoo
0%
Oromo Naayijeeriyaa
0%
Yoruba Nàìjíríà
0%
Kinyarwanda Nijeriya
0%
Kongo Nizeria
0%
Kinyarwanda Ubugande
0%
Oromo Yugaandaa
0%
Keine übereinstimmenden Quizze gefunden
Verteilung der Resultate
Anzahl Personen mit jedem Resultat
Perzentil nach korrekt beantworteten Fragen
Ihre Resultats-Entwicklung
Sie haben dieses Quiz noch nicht gespielt